[Event "SR 2. liga A 2018/2019"]
[Site "?"]
[Date "2018.10.14"]
[Round "2.6"]
[White "Curidlo, Jan"]
[Black "Bochnickova, Andrea"]
[Result "0-1"]
[WhiteElo "1873"]
[BlackElo "2079"]
[PlyCount "78"]
[EventDate "2018.??.??"]
[WhiteTeam "SK Kupele Piestany"]
[BlackTeam "SK Modra B"]

1. e4 e5 2. Nf3 Nf6 3. Nxe5 d6 4. Nf3 Nxe4 5. d4 d5 6. Be3 Be7 7. h3 O-O 8. Bd3
Nc6 9. a3 Bf5 10. O-O Bg6 11. Re1 Bf6 12. Nbd2 Re8 13. Be2 a6 14. Nf1 Qd7 15.
Rc1 b5 16. c3 Na5 17. b4 Nc4 18. Bxc4 bxc4 19. N3h2 a5 20. f3 Nd6 21. Ng4 Bh4
22. g3 Be7 23. Kg2 f6 24. Qd2 axb4 25. axb4 Ra3 26. Bf2 Rea8 27. Qe3 Kf7 28.
Qf4 Bf5 29. Qe3 h5 30. Ngh2 Bxh3+ 31. Kg1 Bf5 32. Nd2 Bd3 33. g4 hxg4 34. fxg4
Nb5 35. Qf4 Bd6 36. Qf3 c6 37. Qh3 Nxc3 38. Qh5+ Bg6 39. Qh3 Ne2+ 0-1

[Event "SR 2. liga A 2018/2019"]
[Site "?"]
[Date "2018.10.14"]
[Round "2.7"]
[White "Sandor, Martin"]
[Black "Musaev, Matej Elbek"]
[Result "1-0"]
[WhiteElo "1984"]
[BlackElo "1818"]
[PlyCount "161"]
[EventDate "2018.??.??"]
[WhiteTeam "SK Modra B"]
[BlackTeam "SK Kupele Piestany"]

1. e4 c5 2. Nf3 d6 3. d4 cxd4 4. Qxd4 a6 5. Be3 Nc6 6. Qd2 Nf6 7. Nc3 e6 8. Be2
b5 9. a3 Bb7 10. O-O Be7 11. Rfd1 Qd7 12. Nd4 Ne5 13. f3 O-O 14. Nb3 Rac8 15.
Qe1 Rfd8 16. Qf2 Qe8 17. Rd2 h6 18. Rc1 d5 19. Qg3 Ng6 20. e5 Nd7 21. f4 Nc5
22. Nxc5 Bxc5 23. Bxc5 Rxc5 24. Qf2 Rdc8 25. Bd3 Nf8 26. Ne2 Nd7 27. Nd4 Rd8
28. Re1 Rc7 29. b4 Nf8 30. Rde2 Bc8 31. Qg3 Kh8 32. Qh4 Ng6 33. Bxg6 fxg6 34.
Re3 Kh7 35. c3 Bd7 36. Qf2 Rdc8 37. Qd2 Qe7 38. Rg3 Be8 39. Ree3 Bf7 40. Rh3
Rc4 41. Rhf3 Rf8 42. Re1 Qc7 43. g4 Qc8 44. Qd3 Kh8 45. Rh3 Re8 46. Rg3 Qd7 47.
Ree3 Bg8 48. Rh3 Bh7 49. g5 Rc7 50. Rhf3 h5 51. Re2 Rf8 52. Kf2 Rfc8 53. Ra2
Rc4 54. Rc2 Qa7 55. Kg3 Qd7 56. Nb3 R4c6 57. Nc5 Qf7 58. Ra2 Qf5 59. Qxf5 gxf5
60. a4 Bg6 61. axb5 axb5 62. Ra5 Rb6 63. Rf2 Be8 64. Rfa2 Rbb8 65. R2a3 Rb6 66.
Kf2 Kg8 67. h4 Kf7 68. Ra7+ Kf8 69. Ke3 Rbc6 70. Rb7 Rxc5 71. bxc5 Rxc5 72. Rb8
Ke7 73. Ra7+ Bd7 74. Rbb7 Rxc3+ 75. Kd2 Rg3 76. Rxd7+ Ke8 77. Rxg7 Kf8 78.
Raf7+ Ke8 79. g6 Rxg6 80. Re7+ Kf8 81. Rxg6 1-0

[Event "SR 2. liga A 2018/2019"]
[Site "?"]
[Date "2018.10.14"]
[Round "2.8"]
[White "Siska, Kristof"]
[Black "Antol, Ladislav"]
[Result "1/2-1/2"]
[WhiteElo "1663"]
[BlackElo "1983"]
[PlyCount "128"]
[EventDate "2018.??.??"]
[WhiteTeam "SK Kupele Piestany"]
[BlackTeam "SK Modra B"]

1. e4 c5 2. Nf3 d6 3. d4 cxd4 4. Nxd4 Nf6 5. Nc3 a6 6. Bg5 e6 7. f4 Be7 8. Qf3
Qb6 9. O-O-O Nc6 10. Nxc6 Qxc6 11. e5 Qxf3 12. gxf3 dxe5 13. fxe5 Nd5 14. Bxe7
Nxe7 15. Rg1 Ng6 16. Bd3 Nxe5 17. f4 Ng6 18. f5 exf5 19. Rge1+ Be6 20. Bxf5 Nf4
21. Re4 g5 22. h4 h6 23. Rg1 O-O-O 24. Bxe6+ Nxe6 25. Rf1 Nf4 26. Re7 Rd7 27.
Rxd7 Kxd7 28. hxg5 hxg5 29. Ne4 f6 30. Nxf6+ Ke7 31. Ne4 Rf8 32. Re1 Rc8 33.
Nxg5+ Kd7 34. Rd1+ Kc6 35. Ne4 Re8 36. Nc3 Re7 37. b3 b5 38. Kb2 b4 39. Na4 Rd7
40. Rxd7 Kxd7 41. Nc5+ Kc6 42. Nxa6 Kb5 43. Nc7+ Kc6 44. Ne8 Nh5 45. a4 bxa3+
46. Kxa3 Kd7 47. Kb4 Kxe8 48. Kc5 Kd7 49. Kb6 Nf4 50. c4 Nd3 51. c5 Nb2 52. Kb5
Nd3 53. Kb6 Nb2 54. Kb5 Nd3 55. b4 Ne5 56. Kb6 Nc4+ 57. Kb7 Kd8 58. b5 Na5+ 59.
Ka6 Nb3 60. Kb6 Kc8 61. c6 Kb8 62. Ka6 Kc7 63. Ka7 Na5 64. Ka6 Nxc6 1/2-1/2

[Event "SR 2. liga A 2018/2019"]
[Site "?"]
[Date "2018.10.14"]
[Round "2.1"]
[White "Gabris, Ondrej"]
[Black "Sosna, Jan"]
[Result "0-1"]
[WhiteElo "2185"]
[BlackElo "2351"]
[PlyCount "114"]
[EventDate "2018.??.??"]
[WhiteTeam "KS Pezinok"]
[BlackTeam "SK Skalica"]

1. e4 e5 2. d4 exd4 3. Nf3 Nc6 4. c3 d5 5. Bd3 dxe4 6. Bxe4 Nf6 7. Bg5 Be7 8.
Bxc6+ bxc6 9. Qxd4 O-O 10. Nbd2 Nd5 11. Bxe7 Qxe7+ 12. Kf1 Rb8 13. b3 Rd8 14.
c4 Nb4 15. Qc3 Nd3 16. Nd4 Qf6 17. N2f3 Bg4 18. Qxd3 Bxf3 19. Qxf3 Qxd4 20. Re1
Qb2 21. g3 Qxa2 22. Re7 Rf8 23. Rxc7 Rxb3 24. Qxc6 Rb1+ 25. Kg2 Rxh1 26. Kxh1
Qxf2 27. Qg2 Qe3 28. Qg1 Qe4+ 29. Qg2 Qb1+ 30. Qg1 Qe4+ 31. Qg2 Qe6 32. Qd5
Qe1+ 33. Kg2 Qe2+ 34. Kg1 Qe1+ 35. Kg2 a5 36. c5 Qe2+ 37. Kg1 Qe1+ 38. Kg2 Qe2+
39. Kg1 a4 40. Ra7 Qe3+ 41. Kg2 a3 42. g4 g6 43. g5 Kg7 44. h4 Qf4 45. Qf3 Qxh4
46. Qf6+ Kg8 47. Rxa3 Qe4+ 48. Rf3 Qc2+ 49. Kg3 Qxc5 50. Kg2 Qd5 51. Kg3 Re8
52. Rc3 Qe5+ 53. Qxe5 Rxe5 54. Kf4 Rf5+ 55. Kg4 Kg7 56. Rh3 f6 57. gxf6+ Rxf6
0-1

[Event "SR 2. liga A 2018/2019"]
[Site "?"]
[Date "2018.10.14"]
[Round "2.2"]
[White "Kucharek, Jaroslav"]
[Black "Michal, Silvio"]
[Result "1/2-1/2"]
[WhiteElo "2046"]
[BlackElo "2110"]
[PlyCount "192"]
[EventDate "2018.??.??"]
[WhiteTeam "SK Skalica"]
[BlackTeam "KS Pezinok"]

1. d4 Nf6 2. c4 e6 3. g3 c5 4. Nf3 cxd4 5. Nxd4 Bb4+ 6. Nc3 a6 7. Bg2 Qc7 8.
O-O Qxc4 9. Bf4 Nc6 10. Nxc6 bxc6 11. Rc1 O-O 12. Nd5 exd5 13. Rxc4 dxc4 14.
Qa4 a5 15. a3 Be7 16. Qxc4 Ba6 17. Qc2 d5 18. Qxc6 Rfc8 19. Qa4 Bc5 20. Re1 h6
21. Be5 Bxf2+ 22. Kxf2 Rc4 23. Qxa5 Ng4+ 24. Kg1 Nxe5 25. Bxd5 Bb7 26. Qxa8+
Bxa8 27. Bxc4 Nxc4 28. b3 Nb6 29. a4 Bb7 30. e4 Kf8 31. Kf2 Ke7 32. Ke3 f6 33.
Rc1 Kd6 34. Kd4 Ba6 35. Rc5 Nd7 36. Ra5 Nb8 37. Rd5+ Ke6 38. b4 Bb7 39. Rb5
Nc6+ 40. Kc5 Nd8 41. Rb6+ Kd7 42. Kd4 Nc6+ 43. Ke3 Kc7 44. Rb5 Ne5 45. Rc5+ Kd6
46. Rc2 g5 47. b5 Nd7 48. Rd2+ Kc7 49. a5 Nc5 50. Rc2 Kd6 51. a6 Ba8 52. Rc4
Nd7 53. Rc8 Nb6 54. Rb8 Kc5 55. Rh8 Kxb5 56. Rxh6 Nd7 57. Rh7 Nc5 58. Rh8 Bxe4
59. a7 Kc4 60. a8=Q Bxa8 61. Rxa8 Kd5 62. Ra5 Kd6 63. h4 gxh4 64. gxh4 Ne6 65.
Ke4 Ng7 66. Ra6+ Ke7 67. Ra7+ Kf8 68. Kf4 Kg8 69. Kg4 Kh7 70. Rf7 Kg6 71. Rf8
Nh5 72. Rg8+ Kh7 73. Ra8 Ng7 74. h5 f5+ 75. Kg5 f4 76. Ra7 Kg8 77. h6 Ne6+ 78.
Kf5 Nf8 79. Kxf4 Nh7 80. Kf5 Nf8 81. Kf6 Nh7+ 82. Ke7 Ng5 83. Ra5 Ne4 84. Rh5
Kh7 85. Kf7 Ng3 86. Rh3 Ne4 87. Rh2 Ng5+ 88. Ke7 Ne4 89. Rh4 Nf2 90. Kf6 Nd3
91. Rd4 Nf2 92. Rf4 Nd3 93. Rf3 Nc5 94. Rf4 Nd7+ 95. Ke7 Ne5 96. Ke6 Ng6
1/2-1/2

[Event "SR 2. liga A 2018/2019"]
[Site "?"]
[Date "2018.10.14"]
[Round "2.3"]
[White "Paulovic, Martin"]
[Black "Sefcik, Marek"]
[Result "1/2-1/2"]
[WhiteElo "2052"]
[BlackElo "2027"]
[PlyCount "35"]
[EventDate "2018.??.??"]
[WhiteTeam "KS Pezinok"]
[BlackTeam "SK Skalica"]

1. e4 d5 2. exd5 Qxd5 3. Nc3 Qd6 4. Nf3 Bg4 5. Be2 Nf6 6. h3 Bxf3 7. Bxf3 c6 8.
d4 e6 9. O-O Nbd7 10. a3 Be7 11. Re1 O-O 12. Bg5 Rfe8 13. Na4 Nd5 14. Bxe7 Nxe7
15. Qd3 Rad8 16. Rad1 b5 17. Nc3 Nf6 18. Ne4 1/2-1/2

[Event "SR 2. liga A 2018/2019"]
[Site "?"]
[Date "2018.10.14"]
[Round "2.4"]
[White "Stanec, Stanislav"]
[Black "Gazi, Mikulas"]
[Result "1-0"]
[WhiteElo "2016"]
[BlackElo "2020"]
[PlyCount "115"]
[EventDate "2018.??.??"]
[WhiteTeam "SK Skalica"]
[BlackTeam "KS Pezinok"]

1. d4 Nf6 2. Nf3 g6 3. c4 c5 4. d5 e6 5. Nc3 exd5 6. Nxd5 Nxd5 7. Qxd5 d6 8.
Bg5 Be7 9. Bxe7 Qxe7 10. O-O-O Be6 11. Qxd6 Qxd6 12. Rxd6 Bxc4 13. b3 Be6 14.
e3 Ke7 15. Rd2 Nc6 16. Bb5 Na5 17. Ng5 a6 18. Nxe6 axb5 19. Nxc5 Rhc8 20. Rc2
b6 21. Nd3 Nxb3+ 22. axb3 Ra1+ 23. Kb2 Ra2+ 24. Kxa2 Rxc2+ 25. Ka3 Rd2 26. Nf4
Rxf2 27. Kb4 g5 28. Nd5+ Kd6 29. Nc3 Rxg2 30. Kxb5 f5 31. Kc4 Ke5 32. b4 h5 33.
Kd3 Rb2 34. b5 f4 35. exf4+ Kxf4 36. h4 g4 37. Ne2+ Kf3 38. Rf1+ Kg2 39. Rf5
Kh3 40. Nf4+ Kxh4 41. Rxh5+ Kg3 42. Ne2+ Kf3 43. Rf5+ Kg2 44. Nf4+ Kg3 45. Kc3
Rb1 46. Kc2 Rb4 47. Nd3 Rc4+ 48. Kd2 Kg2 49. Rf6 g3 50. Rxb6 Kg1 51. Rg6 g2 52.
Ne1 Rd4+ 53. Kc3 Rd5 54. b6 Rc5+ 55. Kd4 Rb5 56. Nxg2 Kf2 57. Ne3 Kf3 58. Nd5
1-0

[Event "SR 2. liga A 2018/2019"]
[Site "?"]
[Date "2018.10.14"]
[Round "2.5"]
[White "Kosnac, Patrik"]
[Black "Londin, Martin"]
[Result "1/2-1/2"]
[WhiteElo "1966"]
[BlackElo "1923"]
[PlyCount "82"]
[EventDate "2018.??.??"]
[WhiteTeam "KS Pezinok"]
[BlackTeam "SK Skalica"]

1. d4 b6 2. c4 Bb7 3. Nc3 e6 4. Nf3 Nf6 5. Bg5 h6 6. Bh4 Bb4 7. Qb3 c5 8. a3
Bxc3+ 9. Qxc3 g5 10. Bg3 Ne4 11. Qd3 Nxg3 12. hxg3 Qf6 13. O-O-O Bxf3 14. Qxf3
Qxf3 15. gxf3 cxd4 16. Rxd4 Nc6 17. Rd2 Rc8 18. b3 Ne5 19. f4 gxf4 20. gxf4 Ng6
21. e3 h5 22. f3 f5 23. Kb2 Ke7 24. b4 d6 25. Bd3 h4 26. b5 Rh6 27. Kb3 Rc5 28.
a4 Rh8 29. Rg1 Kf6 30. Rdg2 Rh6 31. Kb4 Ne7 32. Rh2 Rc7 33. Rgh1 Ng6 34. Ra1
Ne7 35. Rah1 Ng6 36. Ra1 Rhh7 37. a5 Rb7 38. axb6 axb6 39. Ra6 Rh8 40. Bf1 Rc8
41. Rd2 Rd8 1/2-1/2

[Event "SR 2. liga A 2018/2019"]
[Site "?"]
[Date "2018.10.14"]
[Round "2.6"]
[White "Hrubsa, Marian"]
[Black "Hulla, Stanislav"]
[Result "1-0"]
[WhiteElo "1925"]
[BlackElo "1945"]
[PlyCount "55"]
[EventDate "2018.??.??"]
[WhiteTeam "SK Skalica"]
[BlackTeam "KS Pezinok"]

1. e4 e6 2. d4 d5 3. e5 c5 4. c3 Nc6 5. Nf3 Bd7 6. Be2 Nge7 7. Na3 Nf5 8. Nc2
Be7 9. O-O O-O 10. Kh1 cxd4 11. cxd4 Rc8 12. Bd3 f6 13. Rb1 fxe5 14. Nxe5 Nxe5
15. dxe5 Bc5 16. f4 Qh4 17. Rf3 h6 18. Rh3 Qd8 19. Qg4 Qe8 20. Bd2 Qf7 21. Ne3
Nxe3 22. Bxe3 Kh8 23. Bg6 Qe7 24. Bd2 Be8 25. Bd3 Qf7 26. Rf1 Bd7 27. Qg3 Qe7
28. Qg6 1-0

[Event "SR 2. liga A 2018/2019"]
[Site "?"]
[Date "2018.10.14"]
[Round "2.7"]
[White "Petrigacova, Daniela"]
[Black "Vogl, Zdenek"]
[Result "1/2-1/2"]
[WhiteElo "1825"]
[BlackElo "1890"]
[PlyCount "22"]
[EventDate "2018.??.??"]
[WhiteTeam "KS Pezinok"]
[BlackTeam "SK Skalica"]

1. e4 e5 2. Nf3 Nc6 3. Bb5 a6 4. Ba4 b5 5. Bb3 Nf6 6. d3 Be7 7. O-O O-O 8. c3
d6 9. h3 Na5 10. Bc2 c5 11. Be3 Nc6 1/2-1/2

[Event "SR 2. liga A 2018/2019"]
[Site "?"]
[Date "2018.10.14"]
[Round "2.8"]
[White "Harastova, Viera"]
[Black "Scepan, Juraj"]
[Result "1-0"]
[WhiteElo "1816"]
[BlackElo "1718"]
[PlyCount "103"]
[EventDate "2018.??.??"]
[WhiteTeam "SK Skalica"]
[BlackTeam "KS Pezinok"]

1. d4 Nf6 2. c4 e5 3. dxe5 Ng4 4. Nf3 Bc5 5. e3 Nc6 6. Nc3 Ngxe5 7. Nxe5 Nxe5
8. b3 d6 9. Na4 Bb4+ 10. Bd2 Bxd2+ 11. Qxd2 Bf5 12. f3 Qh4+ 13. Qf2 Qf6 14. Rc1
Bd3 15. Nb2 Bxf1 16. Rxf1 O-O 17. Qd2 Rfe8 18. Rf2 Re7 19. Kf1 Rae8 20. e4 Qh4
21. g3 Qh3+ 22. Kg1 Qh5 23. Rcf1 g5 24. Nd3 Nxd3 25. Qxd3 Qg6 26. Qd5 b6 27.
Qf5 Qg7 28. Qd5 a5 29. Qd3 Re5 30. f4 Rxe4 31. fxg5 R8e7 32. Rf4 Re2 33. Rxf7
Rxf7 34. Qxe2 Rxf1+ 35. Kxf1 Qf7+ 36. Kg2 Kf8 37. h4 Qf5 38. Qf3 Qxf3+ 39. Kxf3
Kf7 40. h5 c6 41. Ke4 Ke6 42. g4 Ke7 43. Kf5 Kf7 44. g6+ hxg6+ 45. hxg6+ Kg7
46. Ke6 d5 47. cxd5 cxd5 48. Kxd5 Kxg6 49. Kc6 Kg5 50. Kxb6 a4 51. bxa4 Kxg4
52. a5 1-0

[Event "SR 2. liga A 2018/2019"]
[Site "?"]
[Date "2018.10.14"]
[Round "2.1"]
[White "Kavon, Rastislav"]
[Black "Smolen, Jan"]
[Result "1/2-1/2"]
[WhiteElo "2184"]
[BlackElo "2423"]
[PlyCount "88"]
[EventDate "2018.??.??"]
[WhiteTeam "Lokomotiva Trnava"]
[BlackTeam "SK Doprastav"]

1. e4 Nc6 2. d4 d5 3. e5 Bf5 4. c3 e6 5. f4 h6 6. Nf3 Nge7 7. Bd3 Qd7 8. O-O
O-O-O 9. a4 Bxd3 10. Qxd3 Nf5 11. b4 g5 12. Nbd2 gxf4 13. Nb3 Rg8 14. a5 Rg4
15. b5 Nb8 16. h3 Rg6 17. Bxf4 Be7 18. Rfb1 c6 19. bxc6 Qxc6 20. Ra2 Rd7 21. a6
b6 22. Nbd2 Rc7 23. Rc1 Rg8 24. c4 Kd7 25. Rac2 Rgc8 26. cxd5 Qxd5 27. Rxc7+
Rxc7 28. Rxc7+ Kxc7 29. g4 Nh4 30. Nxh4 Bxh4 31. Bxh6 Nc6 32. Nf3 Be7 33. Bd2
b5 34. h4 b4 35. Bc1 b3 36. h5 Nb4 37. Qc3+ Kd7 38. Bb2 Qe4 39. Qxb3 Qxg4+ 40.
Kf1 Qh3+ 41. Kg1 Qg4+ 42. Kf1 Qxh5 43. Ba3 Qh3+ 44. Kg1 Qg4+ 1/2-1/2

[Event "SR 2. liga A 2018/2019"]
[Site "?"]
[Date "2018.10.14"]
[Round "2.2"]
[White "Sahidi, Samir"]
[Black "Nicolini, Alexander"]
[Result "1-0"]
[WhiteElo "2315"]
[BlackElo "2147"]
[PlyCount "53"]
[EventDate "2018.??.??"]
[WhiteTeam "SK Doprastav"]
[BlackTeam "Lokomotiva Trnava"]

1. e4 e5 2. Nf3 Nc6 3. Bc4 Be7 4. d4 d6 5. h3 Nf6 6. dxe5 dxe5 7. Qxd8+ Bxd8 8.
Nc3 O-O 9. Be3 h6 10. O-O-O Re8 11. a3 a6 12. g4 Be6 13. Bxe6 Rxe6 14. Nh4 Ne8
15. Nf5 Bg5 16. Bxg5 hxg5 17. h4 gxh4 18. Rxh4 Rd8 19. Nd5 f6 20. Rdh1 Rd7 21.
c3 Na5 22. Rh8+ Kf7 23. R1h7 Kg6 24. f4 c6 25. Nh4+ Kf7 26. f5 Red6 27. Ng6 1-0

[Event "SR 2. liga A 2018/2019"]
[Site "?"]
[Date "2018.10.14"]
[Round "2.3"]
[White "Kovacocy, Pavel"]
[Black "Schwarz, Dusan"]
[Result "1/2-1/2"]
[WhiteElo "2256"]
[BlackElo "2293"]
[PlyCount "53"]
[EventDate "2018.??.??"]
[WhiteTeam "Lokomotiva Trnava"]
[BlackTeam "SK Doprastav"]

1. e4 c5 2. Nf3 d6 3. d4 cxd4 4. Nxd4 Nf6 5. Nc3 g6 6. Be2 Bg7 7. O-O O-O 8.
Bg5 Nc6 9. Nb3 Be6 10. Kh1 Qc8 11. f3 Rd8 12. Nd5 Bxd5 13. exd5 Ne5 14. c3 Nc4
15. Nd2 b5 16. Nxc4 bxc4 17. Bxf6 Bxf6 18. Qa4 Qb7 19. Rab1 Qxd5 20. Qxc4 Qxc4
21. Bxc4 Rab8 22. a4 d5 23. Bd3 Rd6 24. Rfc1 Rdb6 25. b4 Rc6 26. c4 dxc4 27.
Rxc4 1/2-1/2

[Event "SR 2. liga A 2018/2019"]
[Site "?"]
[Date "2018.10.14"]
[Round "2.4"]
[White "Komora, Andrej"]
[Black "Puchart, Vladimir"]
[Result "1-0"]
[WhiteElo "2286"]
[BlackElo "2060"]
[PlyCount "105"]
[EventDate "2018.??.??"]
[WhiteTeam "SK Doprastav"]
[BlackTeam "Lokomotiva Trnava"]

1. f4 d5 2. Nf3 c5 3. g3 Nc6 4. Bg2 Nf6 5. O-O g6 6. d3 Bg7 7. Nbd2 e5 8. Nxe5
Nxe5 9. fxe5 Ng4 10. Nf3 O-O 11. e3 d4 12. exd4 cxd4 13. Bf4 Qb6 14. Qc1 Be6
15. h3 Ne3 16. Bxe3 dxe3 17. Re1 Bd5 18. Qxe3 Qxb2 19. Qd4 Qxd4+ 20. Nxd4 Bxg2
21. Kxg2 Rac8 22. Re2 Rfd8 23. Nf3 Rc5 24. Rb1 b6 25. d4 Rc4 26. Kf2 Bf8 27.
Rd1 Rd5 28. Ke3 Bb4 29. Kd3 Rc3+ 30. Ke4 Rd8 31. d5 Bc5 32. d6 f6 33. d7 Kf7
34. exf6 Kxf6 35. Ne5 Ke6 36. Nc6 Rxd7 37. Kf4+ Be3+ 38. Rxe3+ Rxe3 39. Rxd7
Kxd7 40. Nb8+ Kc8 41. Kxe3 Kxb8 42. Kf4 Kc7 43. Kg5 Kd6 44. Kh6 Ke6 45. Kxh7
Kf7 46. c4 Kf6 47. Kh6 Kf5 48. g4+ Kf6 49. h4 a6 50. a3 b5 51. cxb5 axb5 52.
g5+ Kf7 53. Kh7 1-0

[Event "SR 2. liga A 2018/2019"]
[Site "?"]
[Date "2018.10.14"]
[Round "2.5"]
[White "Szitkey, Milan"]
[Black "Vrbova, Niki"]
[Result "1-0"]
[WhiteElo "2070"]
[BlackElo "2156"]
[PlyCount "71"]
[EventDate "2018.??.??"]
[WhiteTeam "Lokomotiva Trnava"]
[BlackTeam "SK Doprastav"]

1. e4 c5 2. Nf3 Nc6 3. c3 d5 4. exd5 Qxd5 5. d4 Bg4 6. Be2 cxd4 7. cxd4 e6 8.
Nc3 Bb4 9. O-O Bxc3 10. bxc3 Nge7 11. h3 Bf5 12. c4 Qe4 13. Re1 O-O 14. Ba3
Rfe8 15. Qb3 Nxd4 16. Nxd4 Qxd4 17. Qxb7 Rab8 18. Qa6 Bc2 19. Rac1 Qd2 20. Bf3
Bg6 21. Red1 Qxa2 22. Rd7 Nc8 23. Bb7 h6 24. Rc7 Rxb7 25. Rxb7 Nb6 26. Rxa7 Rb8
27. Bd6 Qd2 28. Bxb8 Qxc1+ 29. Kh2 Nxc4 30. Qc8+ Kh7 31. Bg3 Qc2 32. Rc7 Bd3
33. Rxf7 Qb1 34. Qd7 Nd2 35. Rxg7+ Kh8 36. Rh7+ 1-0

[Event "SR 2. liga A 2018/2019"]
[Site "?"]
[Date "2018.10.14"]
[Round "2.6"]
[White "Macka, Oto"]
[Black "Mosny, Jaroslav"]
[Result "1-0"]
[WhiteElo "2034"]
[BlackElo "1944"]
[PlyCount "103"]
[EventDate "2018.??.??"]
[WhiteTeam "SK Doprastav"]
[BlackTeam "Lokomotiva Trnava"]

1. e4 e5 2. Nf3 d6 3. Bc4 Be7 4. c3 Nf6 5. d3 O-O 6. O-O c6 7. Bb3 Nbd7 8. Re1
Nc5 9. Bc2 h6 10. d4 Ncd7 11. Nbd2 Nh7 12. b3 Ng5 13. Bb2 Nxf3+ 14. Nxf3 Qc7
15. Re3 Re8 16. Nd2 Bg5 17. Re2 Nf8 18. Qf1 Ng6 19. g3 Bd7 20. h3 Rad8 21. Nf3
Bf6 22. Rd1 Bc8 23. Ne1 Bg5 24. Nd3 b6 25. f4 Bf6 26. f5 Nf8 27. dxe5 dxe5 28.
Qf3 Nh7 29. h4 Bb7 30. Qh5 c5 31. Rde1 c4 32. Nf2 Be7 33. b4 Rd7 34. Bc1 Bf8
35. Qf3 Be7 36. Kg2 Qc6 37. Rh1 Red8 38. Ng4 Bf6 39. Nf2 Be7 40. g4 Rd3 41.
Nxd3 cxd3 42. Bxd3 Qxc3 43. Bc2 Qxb4 44. g5 Ba6 45. Rf2 Bc5 46. Be3 Bxe3 47.
Qxe3 Rd6 48. Rd1 Rxd1 49. Bxd1 Qe7 50. f6 Qe6 51. fxg7 Kxg7 52. gxh6+ 1-0

[Event "SR 2. liga A 2018/2019"]
[Site "?"]
[Date "2018.10.14"]
[Round "2.7"]
[White "Doucha, Ludvig"]
[Black "Bednar, Jan"]
[Result "1-0"]
[WhiteElo "1847"]
[BlackElo "1986"]
[PlyCount "105"]
[EventDate "2018.??.??"]
[WhiteTeam "Lokomotiva Trnava"]
[BlackTeam "SK Doprastav"]

1. d4 Nf6 2. Bg5 e6 3. e4 h6 4. Bxf6 Qxf6 5. e5 Qd8 6. Bd3 Be7 7. Qg4 O-O 8.
Nd2 d5 9. Ngf3 b6 10. c3 Ba6 11. Bc2 c5 12. O-O-O Nc6 13. Nb3 Rc8 14. Kb1 Bb5
15. h4 a5 16. Nc1 Qe8 17. Rhe1 a4 18. Re3 a3 19. b3 Kh8 20. Ne2 Bxe2 21. Rxe2
cxd4 22. Nxd4 Nxd4 23. cxd4 Qc6 24. Rd3 Bb4 25. Rg3 Rg8 26. f4 Rc7 27. f5 Bc3
28. fxe6 Qxe6 29. Bf5 Qc6 30. Rc2 Qb5 31. Rgxc3 Qf1+ 32. Rc1 Qf2 33. R3c2 Rgc8
34. Bd3 g6 35. Qe2 Rxc2 36. Rxc2 Rxc2 37. Qxc2 Qxd4 38. h5 Qxe5 39. hxg6 fxg6
40. Bxg6 Kg7 41. Bd3 h5 42. Qe2 Kf6 43. Qxe5+ Kxe5 44. Bg6 h4 45. Kc2 Kd4 46.
Kd2 b5 47. b4 Kc4 48. Bf7 Kd4 49. Ke2 Kc4 50. Ke3 Kxb4 51. Bxd5 Kc3 52. Kf4 b4
53. Kg4 1-0

[Event "SR 2. liga A 2018/2019"]
[Site "?"]
[Date "2018.10.14"]
[Round "2.8"]
[White "Salgovic, Simon"]
[Black "Babirat, Michal"]
[Result "1-0"]
[WhiteElo "1879"]
[BlackElo "1834"]
[PlyCount "57"]
[EventDate "2018.??.??"]
[WhiteTeam "SK Doprastav"]
[BlackTeam "Lokomotiva Trnava"]

1. e4 c5 2. Nf3 Nc6 3. d4 cxd4 4. Nxd4 g6 5. Nc3 Bg7 6. Be3 Nf6 7. Bc4 Qa5 8.
O-O O-O 9. f4 d6 10. h3 a6 11. Nd5 Nxd5 12. exd5 Nxd4 13. Bxd4 b5 14. Bxg7 Kxg7
15. Qd4+ Kg8 16. Bb3 Qc7 17. Kh2 Qc5 18. Qd2 Bb7 19. Rae1 Rae8 20. f5 a5 21. a3
Kg7 22. Rxe7 Rxe7 23. f6+ Kh8 24. Qh6 Rg8 25. fxe7 f5 26. Qf8 Qc8 27. Qf6+ Rg7
28. Qxd6 Qe8 29. Re1 1-0

[Event "SR 2. liga A 2018/2019"]
[Site "?"]
[Date "2018.10.14"]
[Round "2.1"]
[White "Farkas, Gabor"]
[Black "Sosovicka, Jakub"]
[Result "1-0"]
[WhiteElo "2363"]
[BlackElo "2140"]
[PlyCount "89"]
[EventDate "2018.??.??"]
[WhiteTeam "SK Senec"]
[BlackTeam "SK Krasnany"]

1. g3 d5 2. Nf3 Nf6 3. Bg2 Bf5 4. O-O c6 5. d3 h6 6. Nc3 e6 7. Nd2 Be7 8. e4
Bh7 9. Qe2 O-O 10. f4 dxe4 11. dxe4 Nbd7 12. Kh1 Qc7 13. a3 Rfd8 14. e5 Nd5 15.
Nce4 Nc5 16. c4 Nb6 17. Nxc5 Bxc5 18. Ne4 Bxe4 19. Bxe4 Rd7 20. f5 Qxe5 21. f6
g6 22. Bxh6 Qh5 23. Qxh5 gxh5 24. b3 Rad8 25. a4 a5 26. Rab1 Bd4 27. Bg5 Be5
28. Bf3 Rd3 29. Bxh5 Nd7 30. Be2 Rd6 31. h4 Nc5 32. Bf4 Bxf4 33. Rxf4 Rd2 34.
Re1 Nxb3 35. Rg4+ Kh8 36. Rg7 Ra2 37. Rxf7 Rdd2 38. Rxb7 Nd4 39. Rb8+ Kh7 40.
f7 Nxe2 41. Rg8 Nxg3+ 42. Rxg3 Rf2 43. Rg2 Rxg2 44. f8=Q Rg7 45. Rg1 1-0

[Event "SR 2. liga A 2018/2019"]
[Site "?"]
[Date "2018.10.14"]
[Round "2.2"]
[White "Slacky, Stanislav"]
[Black "Balogh, Peter"]
[Result "1/2-1/2"]
[WhiteElo "2125"]
[BlackElo "2270"]
[PlyCount "27"]
[EventDate "2018.??.??"]
[WhiteTeam "SK Krasnany"]
[BlackTeam "SK Senec"]

1. d4 Nf6 2. c4 g6 3. Nf3 Bg7 4. g3 O-O 5. Nc3 d6 6. Bg2 Nc6 7. O-O e5 8. dxe5
Nxe5 9. Nxe5 dxe5 10. Bg5 Qxd1 11. Raxd1 c6 12. b3 h6 13. Be3 Re8 14. Bc5
1/2-1/2

[Event "SR 2. liga A 2018/2019"]
[Site "?"]
[Date "2018.10.14"]
[Round "2.3"]
[White "Gruca, Miroslav"]
[Black "Bronis, Marian"]
[Result "1-0"]
[WhiteElo "2180"]
[BlackElo "2091"]
[PlyCount "73"]
[EventDate "2018.??.??"]
[WhiteTeam "SK Senec"]
[BlackTeam "SK Krasnany"]

1. b3 a5 2. a4 e5 3. Bb2 d6 4. e3 Nf6 5. d4 Nbd7 6. Nf3 e4 7. Nfd2 d5 8. Ba3
Bxa3 9. Nxa3 O-O 10. c4 c5 11. Be2 cxd4 12. exd4 dxc4 13. bxc4 Nb6 14. Nb5 Bd7
15. Nb3 Qe7 16. O-O Rfd8 17. Nc5 Bc6 18. Qb3 Nbd7 19. Nxd7 Nxd7 20. Qe3 f5 21.
Nc3 b6 22. f3 Re8 23. d5 Bb7 24. fxe4 fxe4 25. Rf4 Nc5 26. Rb1 Qd6 27. Rbf1 Re7
28. Qf2 Re5 29. Nb5 Qd8 30. Qg3 Qg5 31. Rg4 Qe7 32. d6 Qe6 33. Rxg7+ Kh8 34.
Rff7 Qh6 35. Qxe5 Qe3+ 36. Kh1 Qc1+ 37. Bf1 1-0

[Event "SR 2. liga A 2018/2019"]
[Site "?"]
[Date "2018.10.14"]
[Round "2.4"]
[White "Janos, Ivan"]
[Black "Merva, Frantisek"]
[Result "0-1"]
[WhiteElo "2109"]
[BlackElo "2094"]
[PlyCount "84"]
[EventDate "2018.??.??"]
[WhiteTeam "SK Krasnany"]
[BlackTeam "SK Senec"]

1. e4 b6 2. d4 Bb7 3. Nc3 e6 4. a3 Nf6 5. Bd3 c5 6. dxc5 bxc5 7. Qe2 Be7 8. Nf3
d6 9. O-O Nbd7 10. Bf4 O-O 11. Rad1 Qb6 12. Rfe1 Bc6 13. b3 Rfe8 14. Bc4 Rac8
15. Bxd6 Nxe4 16. Nxe4 Bxe4 17. Qxe4 Bxd6 18. Qd3 Rc6 19. Bb5 Rec8 20. Bxc6
Rxc6 21. c4 Qb8 22. Re2 Nf8 23. Qe4 Rb6 24. Red2 Be7 25. Ne5 f5 26. Qe2 Bf6 27.
Nd7 Nxd7 28. Rxd7 Qe8 29. R7d6 Bd4 30. Rxb6 axb6 31. Qf3 h6 32. b4 Qa4 33. g3
Qc2 34. Re1 e5 35. bxc5 bxc5 36. Qe2 Qb3 37. Qh5 Qc2 38. Rf1 Kh7 39. Qf3 Kg6
40. Qc6+ Kh7 41. Qd7 Qd3 42. a4 Bxf2+ 0-1